000 01451cam a22003374a 4500
001 13097160
003 ARRUPE
005 20141021020008.0
008 030220s2003 enka b 001 0beng
010 _a 2003004247
020 _a0195165985 (acidfree paper)
040 _aDLC
_cDLC
_dDLC
042 _apcc
043 _ae-it---
050 0 0 _aQB36.G2
_bA69 2003
082 0 0 _a520/.92
_aB
_221
100 1 _aShea, William R.
_911091
245 1 0 _aGalileo in Rome :
_bthe rise and fall of a troublesome genius /
_cWilliam R. Shea and Mariano Artigas.
260 _aOxford ;
_aNew York :
_bOxford University Press,
_c2003.
300 _axi, 226 p. :
_bill. ;
_c25 cm.
504 _aIncludes bibliographical references ( p. [215]) and index.
600 1 0 _aGalilei, Galileo,
_d1564-1642
_xTravel
_zItaly
_zRome.
_911092
650 0 _aReligion and science
_xHistory
_y16th century.
_911093
650 0 _aAstronomers
_zItaly
_vBiography.
_911094
700 1 _aArtigas, Mariano.
_911095
856 4 2 _3Publisher description
_uhttp://www.loc.gov/catdir/enhancements/fy0614/2003004247-d.html
856 4 2 _3Contributor biographical information
_uhttp://www.loc.gov/catdir/enhancements/fy0724/2003004247-b.html
906 _a7
_bcbc
_corignew
_d1
_eecip
_f20
_gy-gencatlg
942 _2lcc
_cMONOGRAPH
_02
999 _c120787
_d120787